| 000 | 00659nam a2200217 a 4500 | ||
|---|---|---|---|
| 005 | 20230527063526.0 | ||
| 008 | 991125s1996 es 000 0 spa u | ||
| 020 | _a8474322375 | ||
| 035 | _aUPN01000012190 | ||
| 049 | _aCG | ||
| 050 | 4 |
_aBF724 _bC7.48 1996 |
|
| 245 | 0 | 3 |
_aLa crisis de la adolescencia / _cpor O. Mannoni ... [et al.] ; tr. Alberto L. Bixio. |
| 250 | _a3a ed. | ||
| 260 |
_aBarcelona, Esp. : _bGedisa, _c1996. |
||
| 300 | _a162 p. | ||
| 440 | 0 | _aFreudiana | |
| 534 |
_pTítulo original: _tLa crise d'adolescense |
||
| 650 | 4 |
_aPsicología del adolescente _91013 |
|
| 700 | 1 |
_aMannoni, Octave, _d1899-1989 _ecoaut. _929114 |
|
| 905 | _aLibro | ||
| 999 |
_c12190 _d12190 |
||